000
00279nam a2200121Ia 4500
008
190216s9999||||xx |||||||||||||| ||und||
100
_a
Vishnu Prabhakar
245
0
_a
Hindi-Yodhom Ki Chad Me
260
_b
Sunil Sahithya Sadan
300
_a
127
650
_a
Hindi
942
_c
BK
999
_c
16317
_d
16317